000
00451nam a2200169Ia 4500
008
090711s9999 xx 000 0 und d
082
_b
30056
100
_a
बेडेकर मालतीबाई
245
_a
उमा
260
_c
1966
300
_a
94
600
_a
बेडेकर मालतीबाई
630
_a
उमा
700
_a
बेडेकर मालतीबाई
730
_a
उमा
942
_c
BOOK
999
_c
299860
_d
299860